000
00251nam a2200097Ia 4500
001
693071
005
20250826161907.0
008
250824s9999 xx 000 0 und d
245
0
_a
YAĞMUR AKŞAMLARI/S.İLERİ/EVEREST
_c
SELİM İLERİ
260
_b
EVEREST
999
_c
693071
_d
693071